| 000 | 00894nam a2200313 a 4500 | ||
|---|---|---|---|
| 008 | |||
| 020 | _a007298760X (hbk. ) | ||
| 049 | _aMAIN | ||
| 090 |
_aQH430 _bHYD |
||
| 100 | 1 | _aHyde, David R. | |
| 245 | 1 | 0 |
_aIntroduction to genetic principles / _cDavid R. Hyde. |
| 260 |
_aBoston : _bMc-Graw Hill, _c2009. |
||
| 300 |
_axxii, 870 [44] p. : _bcol. ill. ; _c27 cm. |
||
| 500 | _aIncludes index. | ||
| 504 | _aIncludes bibliographical references. | ||
| 650 | _aCancer--Genetic aspects | ||
| 650 | _aGenetics. | ||
| 650 | _aDNA--Synthesis. | ||
| 650 | _aGenomics. | ||
| 650 | _aEvolutionary genetics. | ||
| 650 | _aDevelopmental genetics. | ||
| 650 | _aPopulation genetics. | ||
| 650 | _aMitosis. | ||
| 907 |
_a.b10286974 _b05-04-18 _c10-11-10 |
||
| 003 | |||
| 005 | 20230123125102.0 | ||
| 040 | _cNUST | ||
| 942 |
_cBOOKS _kQH430 _mHYD |
||
| 999 |
_c135493 _d135493 |
||